| 000 | 00858cam a2200253 a 4500 | ||
|---|---|---|---|
| 001 | 000001711 | ||
| 005 | 20200929145654.0 | ||
| 008 | 930211s1999 mx a 001 0 spa d | ||
| 020 | _a9684036531 | ||
| 040 |
_aDO-SdBNP _cTM _dDLC |
||
| 041 | 1 | 7 |
_aspa _heng _2Código de idioma MARC |
| 082 |
_a649.125 _bT939v |
||
| 100 | 1 |
_aTurk, Blossom M. _95565 |
|
| 245 | 1 | 0 |
_aVivir con adolescentes / _cBlossom M. Turk ; traductor, Martha Mauri. |
| 260 |
_aMéxico : _bSelector, _c1999. |
||
| 300 |
_a168 p. : _bil. ; _c19 cm. |
||
| 500 | _aIncluye índice | ||
| 534 | _aTítulo original: Living with Teens and Enjoying Them Too! | ||
| 650 | 4 |
_aAdolescencia _xRelaciones familiares _zEstados Unidos _95566 |
|
| 650 | 4 |
_aJuventud _zEstados Unidos _95567 |
|
| 650 | 4 |
_aPadres e hijos _9796 |
|
| 700 | 1 |
_aMauri, Martha ; _etr. _95568 |
|
| 910 | _aCatalogación por copia / LC | ||
| 999 |
_c1590 _d1590 |
||